| 000 | 00609nam a2200205Ia 4500 | ||
|---|---|---|---|
| 003 | GCL | ||
| 008 | 140319s9999 xx 000 0 ara d | ||
| 040 |
_aGCL / _cGCL |
||
| 082 | 0 | 4 |
_a191 _bف ت |
| 100 | 1 | _aفؤاد زكريا | |
| 245 | 1 | 0 |
_aالتعبير الموسيقى / _cفؤاد زكريا |
| 260 |
_a[S.N] : _bمكتبة مصر ، _c1980 |
||
| 300 | _a112 ص | ||
| 490 |
_aالثقافة السيكولوجية _v0 |
||
| 650 | 0 | 4 | _aالفلسفة |
| 650 | 0 | 4 | _aالموسيقى |
| 650 | 0 | 4 | _aالموسيقى التعبيرية |
| 650 | 0 | 4 | _aالتأليف الموسيقى |
| 942 |
_2ddc _cBK |
||
| 999 |
_c34650 _d34650 |
||